000 00463nam a2200181 a 4500
001 1652
005 20140414131943.0
008 010904s19uu xx 00 eng d
020 _a1-85758-849-5
050 _aTR 372.7
_bH462 1998
100 _aHegarty, John
245 _aMental maths, ages 10-11 /
_cJohn Hegarty.
260 _aLondon :
_bLetts Educational,
_c1998.
300 _a32 p. ; cm.
440 _aLetts
650 _aMathematics.
999 _c112627
_d112627